000 00844nam a2200217 i 4500
001 134277
003 ES-MaACL
005 20250826083216.0
007 t|
008 070907s1919 sp |||| | spa d
080 _a308(450)"19"
100 1 _aAlcázar, J. L.
_919528
245 1 4 _aLas fuerzas vivas de Italia
_b: conferencia leída en el Ateneo Científico y Literario de Madrid y en el Fomento del Trabajo Nacional de Barcelona, el 10 de marzo y el 8 de abril de 1919 /
_cJ.L. Alcázar.
260 _aBarcelona :
_bCamera di Commercio Italiana di Barcelona,
_c[1919?]
300 _a23 p. ;
_c22 cm.
610 2 4 _aAteneo de Madrid-
_vConferencias-
_y1900-1939
_91907
651 4 _aItalia-
_xSituación social.
_98877
710 2 _aFomento del Trabajo Nacional (Cataluña)
_94136
852 _aES-MaACL
_j2203-F-9
999 _c134277
_d134277